|
|
|
|
| LEADER |
00000nab a2200000 a 4500 |
| 001 |
vtls000841469 |
| 003 |
SK-MaSNL |
| 005 |
20260304041158.0 |
| 008 |
160322c2003 xo 0 slo |
| 015 |
|
|
|a SNBRB2003/08-21652
|
| 035 |
|
|
|a CLN000193124
|
| 040 |
|
|
|a SNKBUCL
|b slo
|c SNKBUCL
|e AACR2
|
| 041 |
0 |
|
|a slo
|
| 044 |
|
|
|a xo
|c SK
|
| 080 |
|
|
|a 2-051(866=854)
|2 UDC-MRF-SK2
|
| 080 |
|
|
|a 266(866=854)
|2 UDC-MRF-SK2
|
| 080 |
|
|
|a 929 Šutka, Ján
|2 UDC-MRF-SK2
|
| 100 |
1 |
|
|a Šutka, Ján,
|d 1930-
|4 aut
|9 111698
|
| 245 |
1 |
0 |
|a Súčasťou misií je katechéza
|b z listu dona Jána Šutku SDB, misionára v Ekvádore
|c Juan Shutka
|
| 600 |
1 |
7 |
|a Šutka, Ján,
|d 1930-
|x misijná činnosť
|2 snkbucl
|9 1322845
|
| 650 |
0 |
7 |
|a misie
|2 snkbucl
|9 4097
|
| 650 |
0 |
7 |
|a EC (počítače)
|2 snkbucl
|9 13983
|
| 651 |
|
7 |
|a Ekvádor
|2 snkbucl
|9 16165
|
| 655 |
|
7 |
|a články z novín a časopisov
|2 snkbucl
|9 267496
|
| 773 |
0 |
|
|x 0139-8512
|t Katolícke noviny
|g Roč. 118, č. 32 (2003), s. 32
|
| 850 |
|
|
|a Slovenská národná knižnica v Martine
|
| 852 |
|
|
|a SNK
|b KIS3GCP
|
| 958 |
|
|
|a SK
|
| 958 |
|
|
|a BX
|
| 958 |
|
|
|a RBX
|
| 999 |
|
|
|c 2667021
|d 2668951
|